| 000 | 00325nam a22001337a 4500 | ||
|---|---|---|---|
| 005 | 20260421153434.0 | ||
| 020 | _a9788119497799 | ||
| 082 | _a580 ASH.U | ||
| 100 |
_aDr Ashish K. _913555 |
||
| 245 | _aUGC NET/JRF/SET Botany V.4 | ||
| 260 |
_aJaipur : _bParadise publishers , _cc2025. |
||
| 300 | _a250 p. | ||
| 942 |
_2ddc _cBK |
||
| 999 |
_c758855 _d758855 |
||